000 00506nam a22001577a 4500
005 20251118123558.0
008 251118b |||||||| |||| 00| 0 eng d
020 _a979-8-88715-339-1
100 _aMAISON, ELLE
245 _aCIVIL ENGINEERING CONSTRUCTION: DESIGN AND MANAGEMENT
260 _aDUBLIN
_bORYSON PRESS
_c2024
300 _aV, 262P.
500 _aINCLUDES INDEX
650 _a1. CIVIL ENGINEERING 2. CONSTRUCTION INDUSTRY -MANAGEMENT 3. BUILDING -DESIGN AND CONSTRUCTION
942 _2lcc
_cBK
999 _c216201
_d216201